<?xml version="1.0" encoding="UTF-8"?>
<collection xmlns:xsi="http://www.w3.org/2001/XMLSchema-instance" xsi:schemaLocation="http://www.loc.gov/MARC21/slim http://www.loc.gov/standards/marcxml/schema/MARC21slim.xsd" xmlns="http://www.loc.gov/MARC21/slim">
 <record>
  <leader>00000cam a22000004i 4500</leader>
  <controlfield tag="001">UP-1685594773861860881</controlfield>
  <controlfield tag="003">Buklod</controlfield>
  <controlfield tag="005">20230619085743.0</controlfield>
  <controlfield tag="006">ta    rb   |||| u|</controlfield>
  <controlfield tag="007">ta</controlfield>
  <controlfield tag="008">170518s2011    caua    rb   |||1 u|eng d</controlfield>
  <datafield tag="020" ind1=" " ind2=" ">
   <subfield code="a">978031339197</subfield>
  </datafield>
  <datafield tag="035" ind1=" " ind2=" ">
   <subfield code="a">(iLib)UPBAG-00009054917</subfield>
  </datafield>
  <datafield tag="037" ind1=" " ind2=" ">
   <subfield code="a">BC-61460</subfield>
   <subfield code="c">Php1,946.00</subfield>
  </datafield>
  <datafield tag="040" ind1=" " ind2=" ">
   <subfield code="a">DLC</subfield>
   <subfield code="d">BAG</subfield>
   <subfield code="e">rda</subfield>
  </datafield>
  <datafield tag="041" ind1="0" ind2=" ">
   <subfield code="a">eng</subfield>
  </datafield>
  <datafield tag="090" ind1=" " ind2=" ">
   <subfield code="a">T 11</subfield>
   <subfield code="b">D39 2011</subfield>
  </datafield>
  <datafield tag="100" ind1="1" ind2=" ">
   <subfield code="a">Day, Robert A.</subfield>
   <subfield code="d">1924-</subfield>
   <subfield code="e">author.</subfield>
  </datafield>
  <datafield tag="245" ind1="1" ind2="0">
   <subfield code="a">How to write and publish a scientific paper</subfield>
   <subfield code="c">Robert A. Day and Barbara Gastel.</subfield>
  </datafield>
  <datafield tag="250" ind1=" " ind2=" ">
   <subfield code="a">7th edition.</subfield>
  </datafield>
  <datafield tag="264" ind1=" " ind2="1">
   <subfield code="a">Santa Barbara, California</subfield>
   <subfield code="b">Greenwood</subfield>
   <subfield code="c">©2011.</subfield>
  </datafield>
  <datafield tag="300" ind1=" " ind2=" ">
   <subfield code="a">xxi, 300 pages</subfield>
   <subfield code="b">illustrations</subfield>
   <subfield code="c">24 cm</subfield>
  </datafield>
  <datafield tag="504" ind1=" " ind2=" ">
   <subfield code="a">Includes bibliographical references (pages 287-292) and index.</subfield>
  </datafield>
  <datafield tag="505" ind1="0" ind2="0">
   <subfield code="a">Part I: some preliminaries. What is scientific writing? -- Historical perspectives -- Approaching a writing project -- What is a scientific paper? -- Ethics in scientific publishing -- Where to submit your manuscript -- Part II: preparing the text. How to prepare the title -- How to list the authors and addresses -- How to prepare the abstract -- How to write the introduction -- How to write the materials and methods section -- How to write the results -- How to write the discussion -- How to state the acknowledgments -- How to cite the references -- Part III: preparing the tables and figures. How to design effective tables -- How to prepare effective graphics -- How to prepare effective photographs -- Part IV: publishing the paper. Rights and permissions -- How to submit the manuscript -- The review process (how to deal with editors) -- The publishing process (how to deal with proofs) -- Part V: doing other writing for publication. How to write a review paper -- How to write opinion (book reviews, editorials, and letters to the editor) --How to write a book chapter or a book -- How to write for the public -- Part VI: conference communications. How to present a paper orally -- How to prepare a poster -- How to write a conference report -- Part VII: Scientific style. Use and misuse of English -- Avoiding jargon -- How and when to use abbreviations -- Writing clearly across cultures and media -- How to write science in English as a foreign language -- Part VIII: other topics in scientific communication. How to write a thesis -- How to prepare a curriculum vitae -- How to prepare grant proposals and progress reports -- How to write a recommendation letter--and how to ask for one -- How to work with the media -- How to provide peer review -- How to seek a scientific-communication career</subfield>
  </datafield>
  <datafield tag="520" ind1=" " ind2=" ">
   <subfield code="a">&quot;This newly updated version of the classic guide to writing and publishing scientific papers provides the tools needed to succeed in the communication aspects of a scientific career&quot;--Provided by publisher</subfield>
  </datafield>
  <datafield tag="650" ind1=" " ind2="1">
   <subfield code="a">Technical writing.</subfield>
  </datafield>
  <datafield tag="700" ind1="1" ind2=" ">
   <subfield code="a">Gastel, Barbara</subfield>
   <subfield code="e">author.</subfield>
  </datafield>
  <datafield tag="905" ind1=" " ind2=" ">
   <subfield code="a">FO</subfield>
  </datafield>
  <datafield tag="852" ind1="0" ind2=" ">
   <subfield code="a">UPBAG</subfield>
   <subfield code="b">UPBAG-MAIN</subfield>
   <subfield code="h">T 11 D39 2011</subfield>
  </datafield>
  <datafield tag="942" ind1=" " ind2=" ">
   <subfield code="a">Book</subfield>
  </datafield>
 </record>
</collection>
